Datum a čas kvízu
22.5
Celkem bodů
Celkový počet nahraných bodů na tomto kvízu bez doplňovacích otázek.
8.
Pořadí na kvízu
Konečné umístění týmu na tomto kvízu.
Zaznamenané odpovědi
| # | Otázka | Odpověď | Body | Výsledky |
|---|---|---|---|---|
| 1. | Předvolební superdebatu v Česk... | Matylda | 1 | |
| 2. | Jistě jste i vy zaznamenali ma... | DNS | 1 | |
| 3. | Minulý týden měl premiéru doku... | Olga Malířová Špátová | 1 | |
| 4. | Společnost Blue Origin Jeffa B... | James T. Kirk | 1 | |
| 5. | Vedení českého hokeje minulý č... | Ondřeje Paláta | 0 | |
| -14. | Po Středočeském kraji nás v da... | Opyš | 0 | |
| -13. | Oblíbenou atrakcí našeho hlavn... | Nebozízek | 0 | |
| -12. | Místem, které rozhodně stojí z... | Moja | 0 | |
| -11. | Kterou z následujících soch ne... | D | 1 | |
| -10. | Seřaďte následující zahraniční... | 1D 2A 3B 4C | 0 |